La evolución de la enseñanza del derecho en la Universidad de Santiago de Compostela (Record no. 189502)
[ view plain ]
| 000 -LEADER | |
|---|---|
| campo de control de longitud fija | 00924nam a2200217 i 4500 |
| 001 - NÚMERO DE CONTROL | |
| campo de control | 189502 |
| 003 - IDENTIFICADOR DE NÚMERO DE CONTROL | |
| campo de control | SpMaBN |
| 005 - FECHA Y HORA DE LA ÚLTIMA TRANSACCIÓN | |
| campo de control | 20250809015351.0 |
| 008 - DATOS DE LONGITUD FIJA--INFORMACIÓN GENERAL | |
| campo de control de longitud fija | 190605s1969 sp |||| | spa d |
| 080 ## - NÚMERO DE LA CLASIFICACIÓN DECIMAL UNIVERSAL | |
| Número de la Clasificación Decimal Universal | 378.4:34(46) |
| 100 1# - ENTRADA PRINCIPAL--NOMBRE DE PERSONA | |
| Nombre de persona | Pedret Casado, Paulino. |
| 9 (RLIN) | 89910 |
| 245 13 - MENCIÓN DEL TÍTULO | |
| Título | La evolución de la enseñanza del derecho en la Universidad de Santiago de Compostela |
| Resto del título | : discurso / |
| Mención de responsabilidad, etc. | leído el 29 de junio de 1968, en la solemne sesión de ingreso del académico... Dr. D. Paulino Pedret Casado y contestación... D. Manuel Iglesias Corral. |
| 260 ## - PUBLICACIÓN, DISTRIBUCIÓN, ETC. | |
| Lugar de publicación, distribución, etc. | La Coruña : |
| Nombre del editor, distribuidor, etc. | Academia Gallega y Jurisprudencia y Legislación, |
| Fecha de publicación, distribución, etc. | 1969. |
| 300 ## - DESCRIPCIÓN FÍSICA | |
| Extensión | 39 p. ; |
| Dimensiones | 27 cm. |
| 500 ## - NOTA GENERAL | |
| Nota general | Índice onomástico. |
| 650 #7 - PUNTO DE ACCESO ADICIONAL DE MATERIA--TÉRMINO DE MATERIA | |
| Término de materia o nombre geográfico como elemento de entrada | Derecho- |
| Subdivisión general | Enseñanza |
| Fuente del encabezamiento o término | |
| 9 (RLIN) | 151692 |
| 700 1# - ENTRADA AGREGADA--NOMBRE PERSONAL | |
| Nombre de persona | Iglesias Corral, Manuel. |
| 9 (RLIN) | 158835 |
| 710 2# - ENTRADA AGREGADA--NOMBRE DE ENTIDAD CORPORATIVA | |
| Nombre de entidad corporativa o nombre de jurisdicción como elemento de entrada | Academia Gallega de Jurisprudencia y Legislación. |
| 9 (RLIN) | 1197 |
| 852 ## - LOCALIZACIÓN | |
| Ubicación | ES-MaACL |
| Número de control de estantería | 2341-F-6 |
| Estatus retirado | Estado de pérdida | Estado de daño | No para préstamo | Colección | Biblioteca de origen | Biblioteca actual | Ubicación en estantería | Fecha de adquisición | Fuente de adquisición | Total de préstamos | Signatura topográfica completa | Código de barras | Visto por última vez | Precio de reemplazo | Tipo de ítem Koha |
|---|---|---|---|---|---|---|---|---|---|---|---|---|---|---|---|
| Colección de folletos | Biblioteca del Ateneo de Madrid | Biblioteca del Ateneo de Madrid | Depósito folletos | 05/06/2019 | 2341-F-6 | 1200794 | 23/02/2023 | 23/02/2023 | Folleto |
